Inmigración internacional y pobreza en Costa Rica /
El objetivo de este trabajo es el de indagar en las posibles causas generadoras del estancamiento de la pobreza en Costa Rica, principalmente a partir de 1990, poniendo especial énfasis en el impacto de la inmigración nicaraguense. Para ello se presenta primero la evidencia empírica sobre la evoluci...
Uloženo v:
| Hlavní autor: | |
|---|---|
| Médium: | Text |
| Témata: | |
| Tagy: |
Přidat tag
Žádné tagy, Buďte první, kdo vytvoří štítek k tomuto záznamu!
|
MARC
| LEADER | 00000 a a2200000 04500 | ||
|---|---|---|---|
| 001 | 44095 | ||
| 003 | |||
| 040 | |||
| 100 | |a Trejos Solórzano, Juan Diego | ||
| 245 | |a Inmigración internacional y pobreza en Costa Rica / |c Juan Diego Trejos Solórzano | ||
| 520 | |a El objetivo de este trabajo es el de indagar en las posibles causas generadoras del estancamiento de la pobreza en Costa Rica, principalmente a partir de 1990, poniendo especial énfasis en el impacto de la inmigración nicaraguense. Para ello se presenta primero la evidencia empírica sobre la evolución de la pobreza y sus posibles explicaciones para concluir con unos breves reflexiones sobre los determinantes principales de la pobreza. | ||
| 590 | |a RRH/MARZO2013 | ||
| 650 | |a 1.POBREZA | ||
| 650 | |a 2.MIGRANTES | ||
| 650 | |a 3.FAMILIA | ||
| 650 | |a 4.INGRESOS | ||
| 650 | |a 5.EDUCACION | ||
| 650 | |a 6.COSTA RICA | ||
| 773 | |g páginas 75-107 | ||
| 999 | |c 29260 |d 29260 | ||
